000 00601nam a2200229Ia 4500
003 OSt
005 20220924150014.0
006 a|||||r|||| 00| 0
007 ta
008 220923b |||||||| |||| 00| 0 per d
024 _a331307
037 _cTextual
040 _aARTS
_cARTS
_bper
041 _2per
_aper
082 _aV45.D, 164K4
100 _aMustafvi Sayed Mohammad Taqi Au.
_9221058
245 0 _aMoraceae oaklam
260 _c1964
650 _aIRAN - HISTORY
942 _hV45.D, 164K4
_cTEXL
_2CC
999 _c461913
_d461913